000 01366nam a22002657a 4500
999 _c43873
_d43873
001 17209
003 CO-MdFUSB
005 20180622073153.0
008 180509s1944 xxu||||| |||| 00| 0 eng d
020 _aDonación
040 _aCO-MdFUSB
_bspa
_cCO-MdFUSB
_dCO-MdFUSBC
_erda
041 0 _aeng
082 0 4 _aG 230 F5145s
100 1 _aFinney, Charles G.
_eautor
245 0 _aLectures on systematic theology
_c/ Charles G. Finney, editado por J.H. Fairchild
250 _a2
264 _aWhittier, California:
_bColporter Kemp,
_c[1944]
300 _a622 p.
336 _2rdacontent
_atexto
_btxt
337 _2rdamedia
_asin mediación
_bn
338 _2rdacarrier
_avolumen
_bnc
505 0 0 _aEl gobierno moral -- la obligación moral -- la unidad de hechos morales -- la obedencia entera -- atributos del amor -- la desobedencia a la ley moral -- caracteristicas del egoismo -- sanciones de la ley moral -- el gobierno humano -- la depravación moral -- la expiación -- la regeneración -- la capacidad natural -- la capacidad de la gracia -- la idea de la incapacidad -- el arrepentimiento y la impenitencia -- la fé y la incredulidad -- la justificación -- la sanctificación -- la elección -- la depravación -- la soberanía divina -- los propósitos de Dios -- la perseverancia de los santos
650 0 _aTeología postmoderna
_9504
942 _cBK